<?xml version="1.0" encoding="UTF-8"?>
<record
    xmlns:xsi="http://www.w3.org/2001/XMLSchema-instance"
    xsi:schemaLocation="http://www.loc.gov/MARC21/slim http://www.loc.gov/standards/marcxml/schema/MARC21slim.xsd"
    xmlns="http://www.loc.gov/MARC21/slim">

  <leader>02282nam a2200277 a 4500</leader>
  <controlfield tag="001">BRCA_8950</controlfield>
  <controlfield tag="005">20190320210453.0</controlfield>
  <controlfield tag="008">040717s1716----sp-#######---#000-0#spa-#</controlfield>
  <datafield tag="041" ind1=" " ind2=" ">
    <subfield code="a">spa</subfield>
  </datafield>
  <datafield tag="044" ind1=" " ind2=" ">
    <subfield code="a">sp</subfield>
  </datafield>
  <datafield tag="084" ind1=" " ind2=" ">
    <subfield code="a">LE7</subfield>
    <subfield code="b">.D65 1716</subfield>
  </datafield>
  <datafield tag="100" ind1="1" ind2=" ">
    <subfield code="a">Dolz del Castellar, Estevan</subfield>
    <subfield code="9">22242</subfield>
  </datafield>
  <datafield tag="245" ind1="1" ind2="0">
    <subfield code="a">A&#xF1;o virg&#xED;neo</subfield>
    <subfield code="b">cuyos d&#xED;as son, finezas de la Gran Rina del Cielo Mar&#xED;a Santissima, Virgen, Madre del Altissimo, succedidas en aquellos mismos d&#xED;as, que se refieren: a&#xF1;adense a estas trecientos y sesenta y seis Exemplos, con otras tantas Exhortaciones Oraciones, Exercicios, y Elogios, Sacados de los Santos Padres, para quien le preciare de Devoto de esta Amabilissima Se&#xF1;ora, no passe d&#xED;a del a&#xF1;o sin atributarle alg&#xFA;n particular obsequio</subfield>
    <subfield code="c">su autor el Doctor Don Estevan Dolz Del Castellar; Corregido, y enmendado en esta quarta Impression, seg&#xFA;n el Expurgatorio del a&#xF1;o de 1707; Dedicada al Illmo. y Rmo. Se&#xF1;or Don Francisco de Valero y Lossa; quarta parte.</subfield>
  </datafield>
  <datafield tag="260" ind1=" " ind2=" ">
    <subfield code="a">Madrid</subfield>
    <subfield code="b">por Antonio Gonzalez de Reyes</subfield>
    <subfield code="c">1716</subfield>
  </datafield>
  <datafield tag="300" ind1=" " ind2=" ">
    <subfield code="a">447 p. (t.4)</subfield>
    <subfield code="c">19.8 x 15.5 cm</subfield>
  </datafield>
  <datafield tag="500" ind1=" " ind2=" ">
    <subfield code="a">Con privilegio</subfield>
  </datafield>
  <datafield tag="500" ind1=" " ind2=" ">
    <subfield code="a">Estado f&#xED;sico: presenta encuadernaci&#xF3;n en pergamino, con cantos pintados y deteriorados, con lomo semi desprendido y carece de rotas</subfield>
  </datafield>
  <datafield tag="500" ind1=" " ind2=" ">
    <subfield code="a">Con marca de fuego: &#x201C;Procedencia de la marca: Colegio Jesuita de San Francisco Xavier de la Ciudad de Quer&#xE9;taro (1). Instituci&#xF3;n: Provincia Mexicana de la Compa&#xF1;&#xED;a de Jes&#xFA;s. Descripci&#xF3;n: Iniciales S. Xr. Q. que se desata como S[an] X[avie]r [de] Q[uer&#xE9;taro.]. Observaciones: A falta de un testimonio de pertenencia se hace la atribuci&#xF3;n de la marca en funci&#xF3;n a la realizada por David Saavedra Vega. Se espera localizar otro ejemplar que corrobore esta atribuci&#xF3;n. Ubicaci&#xF3;n de la marca en el libro: Canto superior&#x201D;</subfield>
  </datafield>
  <datafield tag="600" ind1="1" ind2="4">
    <subfield code="a">Mar&#xED;a, Virgen</subfield>
    <subfield code="x">Sermones</subfield>
    <subfield code="y">Obras anteriores a 1800</subfield>
    <subfield code="9">22243</subfield>
  </datafield>
  <datafield tag="650" ind1="1" ind2="4">
    <subfield code="a">Calendario lit&#xFA;rgico</subfield>
    <subfield code="y">Obras anteriores a 1800</subfield>
    <subfield code="9">21834</subfield>
  </datafield>
  <datafield tag="700" ind1="1" ind2=" ">
    <subfield code="a">Gonzalez de Reyes, Antonio</subfield>
    <subfield code="e">Impresor</subfield>
    <subfield code="9">22244</subfield>
  </datafield>
  <datafield tag="700" ind1="1" ind2=" ">
    <subfield code="a">Valero y Lossa, Francisco de</subfield>
    <subfield code="9">22245</subfield>
  </datafield>
  <datafield tag="856" ind1=" " ind2=" ">
    <subfield code="a">http://www.marcasdefuego.buap.mx:8180/xmLibris/projects/firebrand/item.jsp?repository=marcas_de_fuego&amp;key=marcas_de_fuego_marcas_de_fuego_20151006120916_4064.xml&amp;num=5</subfield>
  </datafield>
  <datafield tag="902" ind1=" " ind2=" ">
    <subfield code="a">CFM</subfield>
  </datafield>
  <datafield tag="942" ind1=" " ind2=" ">
    <subfield code="2">lcc</subfield>
    <subfield code="c">B</subfield>
  </datafield>
  <datafield tag="999" ind1=" " ind2=" ">
    <subfield code="c">8601</subfield>
    <subfield code="d">8601</subfield>
  </datafield>
  <datafield tag="952" ind1=" " ind2=" ">
    <subfield code="0">0</subfield>
    <subfield code="1">0</subfield>
    <subfield code="4">0</subfield>
    <subfield code="7">0</subfield>
    <subfield code="a">BRCA</subfield>
    <subfield code="b">BRCA</subfield>
    <subfield code="d">2017-07-04</subfield>
    <subfield code="l">0</subfield>
    <subfield code="o">LE7 .D65 1716</subfield>
    <subfield code="p">CFM00273</subfield>
    <subfield code="r">2019-03-22 00:00:00</subfield>
    <subfield code="w">2019-03-22</subfield>
    <subfield code="y">B</subfield>
  </datafield>
</record>
